Gaming Quiz

Random Gaming Quiz
Score 0/40 Timer 05:00
0 Plays Today
Weapon % Correct
Rocket Launcher
93.8%
Rocket Launcher
93.8%
Rocket Launcher
93.8%
Flak Cannon
86.1%
Flak Cannon
86.1%
Flak Cannon
86.1%
Sniper Rifle
84.5%
Sniper Rifle
84.5%
Sniper Rifle
84.5%
Shock Rifle
79.9%
Shock Rifle
79.9%
Shock Rifle
79.9%
Redeemer
78.9%
Redeemer
78.9%
Redeemer
78.9%
Minigun
77.8%
Minigun
77.8%
Bio Rifle
74.7%
Bio Rifle
74.7%
Bio Rifle
74.7%
Weapon % Correct
Link Gun
68%
Link Gun
68%
Enforcer
59.8%
Enforcer
59.8%
Impact Hammer
54.1%
Impact Hammer
54.1%
Assault Rifle
53.1%
Ripper
51.5%
Translocator
51.5%
Translocator
51.5%
Translocator
51%
Lightning Gun
50.5%
Pulse Gun
50%
Shield Gun
50%
Grenade Launcher
44.3%
AVRiL
40.7%
AVRiL
38.7%
Ion Painter
37.6%
Mine Layer
27.8%
Stinger
25.3%

You're not logged in!

Compare scores with friends on all Sporcle quizzes.
OR
Log In

Sporcle TV

Today on Sporcle TV


Watch our educational content, quiz creation guides, and fun videos on Sporcle TV.

Show Comments

Extras

Top Quizzes Today


Score Distribution

Paid Content

Your Account Isn't Verified!

In order to create a playlist on Sporcle, you need to verify the email address you used during registration. Go to your Sporcle Settings to finish the process.

Report this User

Report this user for behavior that violates our Community Guidelines.

Details: